000 00639nam a2200217Ia 4500
005 20230605133645.0
008 131103s9999 xx 000 0 und d
040 _aLoreto College
041 _aEnglish
082 _a808.882
_bPAL
100 _aPalmer, Alan
245 _aQuotations in history
_b a dictionary of historical quotations 800 A. D. to the present
_cAlan and Yeronica Palmer
260 _aCalcutta
_bRupa & co.
_c1977
300 _aix,354 p.
504 _aIncludes index
650 _aDictionaries - Quotations
651 _aQuotations - Dictionaries
700 _aPalmer, Neronica
850 _aLCLIB
942 _cBK
999 _c7384
_d57863